000 01068nam a22003497a 4500
003 CHAP
005 20220329140815.0
008 971013c19421925 r 00010 d
010 _a57925
011 _a58897
035 _a63053
040 _cCHAP
082 _a632.4
_bS84 1942
100 0 0 _aStevens, Frank Lincoln.
_9109720
245 _aPlant disease fungi
250 _a(2 ed.)
260 _aNew York :
_bMacMillan,
_c1942 (c.1925)
300 _a469 p.
_b: ilus.
490 _aPapers
_v; 90-1
590 _aBATCH-UPD
_b10
_c20130110
_lUCH01
_h1737
590 _aBATCH-UPD
_b10
_c20130410
_lUCH01
_h1117
590 _aBATCH-UPD
_b10
_c20130914
_lUCH01
_h1414
590 _aCONVERSION
_b10
_c20130109
_lUCH01
_h1331
650 1 4 _aFitopatología.
_941161
650 1 4 _aHongos en agricultura.
_956129
650 1 4 _aHongos fitopatógenos.
_956132
830 0 _aPapers
_v; 90-1
_985402
901 _aBK
942 _cLIBRO
949 _a632.4 S84 1942
_bBC
_cBPA
_d-135289
_eBPA
_h22497
_i63053
_si
949 _a632.4 S84 1942
_bBC
_cBPA
_d-135290
_eBPA
_fc.2
_h22498
_i63053
_si
999 _c57925
_d57925